Second most Popular Languages studied on Duolingo - Statistics

General Stats
  • This quiz has been taken 34 times
  • The average score is 14 of 18
Answer Stats
# of countries Language % Correct
15 English
100%
42 Spanish
100%
5 Russian
97%
73 French
93%
19 German
93%
10 Japanese
93%
2 Arabic
90%
4 Chinese
90%
4 Italian
90%
7 Korean
90%
5 Portuguese
87%
1 Swedish
80%
1 Hindi
77%
1 Norwegian
67%
1 Hebrew
53%
1 Finnish
50%
1 Irish
40%
2 Swahili
33%
No matching quizzes found
Score Distribution
Percent of People with Each Score
Percentile by Number Answered
Your Score History
You have not taken this quiz